Malý zábavní soubor : výběr melodií v úpravě pro 3-9 nástrojů. 72, Písničky Jaroslava Marka /

Uložené v:
Podrobná bibliografia
Hlavní autori: Šesták, Jaroslav, 1917-2003 (Composer, Lyricist), Mellan, Josef (Adapter)
Ďalší autori: Radešínský, Svatopluk, 1927-2002 (Lyricist), Nádvorník, Bohuslav, 1920-1994 (Lyricist)
Médium: Hudobnina
Jazyk:Czech
Vydané: Praha : Supraphon, 1973.
Vydanie:1. vydání
Fyzický popis: 5 hlasov (14, 7, 7, 7, 7 strán).
Tagy: Pridať tag
Žiadne tagy, Buďte prvý kto otaguje tento záznam!

MARC

LEADER 00000ncm a2200000#i#4500
001 000750121
005 20260408133125.0
008 260408s1973 xr e 000 0 cze d
FMT
020 |q (brožované)  |c Kčs 14,00 
040 |a SVKK  |b slo  |c SVKK  |e rda 
100 1 |a Šesták, Jaroslav,  |d 1917-2003  |4 cmp  |4 lyr 
245 1 0 |a Malý zábavní soubor :  |b výběr melodií v úpravě pro 3-9 nástrojů.  |n 72,  |p Písničky Jaroslava Marka /  |c Jaroslav Šesták ; textári Svatopluk Radešínský, Bohuslav Nádvorník ; upravil Josef Mellan. 
246 3 0 |a Písničky Jaroslava Marka. 
250 |a 1. vydání 
264 1 |a Praha :  |b Supraphon,  |c 1973. 
300 |a 5 hlasov (14, 7, 7, 7, 7 strán). 
336 |a zápis hudby  |b ntm  |2 rdacontent 
337 |a bez média  |b n  |2 rdamedia 
338 |a zväzok  |b nc  |2 rdacarrier 
500 |a Záznam revízie 
505 0 0 |t Prstýnek ze slámy : polka --  |t Hajá, hajá : polka --  |t Libišská : polka --  |t Všechno, jenom ne slzy : pochodová písnička -- 
700 1 |a Radešínský, Svatopluk,  |d 1927-2002  |4 lyr 
700 1 |a Nádvorník, Bohuslav,  |d 1920-1994  |4 lyr 
700 1 |a Mellan, Josef  |4 adp 
910 |a svkkk 
998 |a MU 
OWN
Z30 1 |l SCK01  |l SCK01  |m BOOK  |1 SCKHL  |2 SK16  |b Sklad Pribinova 3. posch.  |3 V.86312  |6 489384  |q 19730408  |5 2721179986  |8 20260408  |e  0000  |f 20  |s Povinný výt.  |z 0.46  |t 00000000  |u 0000  |w 000750121  |x 000010  |r 000 
090 |g SCKHL  |k Sklad Pribinova 3. posch.  |a V.86312  |j 489384  |i 2721179986  |s Povinný výt.  |r 000